ស្វែងយល់ពីលុយ / (Record no. 1500)
[ view plain ]
| 000 -LEADER | |
|---|---|
| fixed length control field | 01948nam a22002897a 4500 |
| 005 - DATE AND TIME OF LATEST TRANSACTION | |
| control field | 20250604083427.0 |
| 020 ## - INTERNATIONAL STANDARD BOOK NUMBER | |
| International Standard Book Number | 9789924341390 |
| 040 ## - CATALOGING SOURCE | |
| Original cataloging agency | FISKH |
| Language of cataloging | eng |
| Transcribing agency | FISKH |
| Modifying agency | FISKH |
| 082 ## - DEWEY DECIMAL CLASSIFICATION NUMBER | |
| Classification number | 332.024 |
| 100 ## - MAIN ENTRY--PERSONAL NAME | |
| Personal name | Sophal, Bot |
| 245 ## - TITLE STATEMENT | |
| Title | ស្វែងយល់ពីលុយ / |
| Statement of responsibility, etc. | និពន្ធដោយ ប៊ុត សុផល, ឡាច រតនា និង ស៊ិន សុវណ្ណរតនា - និពន្ធឆាករូបភាពដោយ អ៊ូច សូដានី |
| 260 ## - PUBLICATION, DISTRIBUTION, ETC. | |
| Place of publication, distribution, etc. | Phnom Penh : |
| Name of publisher, distributor, etc. | Sipar, |
| Date of publication, distribution, etc. | 2022. |
| 300 ## - PHYSICAL DESCRIPTION | |
| Extent | 40 pages : |
| Other physical details | color illustrations ; |
| Dimensions | 20 cm |
| 490 ## - SERIES STATEMENT | |
| Series statement | ខ្ញុំចង់ដឹង |
| 505 ## - FORMATTED CONTENTS NOTE | |
| Formatted contents note | Z'<br/> |
| 520 ## - SUMMARY, ETC. | |
| Summary, etc. | ស្វែងយល់ពីលុយ អំពីប្រវត្តិដំបូងៗនៃការដោះដូរទំនិញ ទម្រាំដល់ការបោះពុម្ពលុយសម្រាប់ចាយដល់សព្វថ្ងៃ។ ក្នុងនោះដែរ អ្នកអានក៏អាចស្វែងយល់ពីការគ្រប់គ្រងចំណាយ ការសន្សំលុយ និងប្រតិបត្តិការហិរញ្ញវត្ថុនៅកម្ពុជាទៀតផង។ |
| 520 ## - SUMMARY, ETC. | |
| Summary, etc. | Find out about money from the early history of bartering to printing money for today. Readers can also learn about cost management, saving money and financial transactions in Cambodia. |
| 521 ## - TARGET AUDIENCE NOTE | |
| Target audience note | 1000 <br/><br/><br/> |
| Source | Lexile estimate<br/> |
| 521 ## - TARGET AUDIENCE NOTE | |
| Target audience note | Z' <br/> |
| Source | Raz-Plus<br/> |
| 650 ## - SUBJECT ADDED ENTRY--TOPICAL TERM | |
| Topical term or geographic name entry element | លុយ |
| Form subdivision | ចំណាយ |
| General subdivision | សន្សំ |
| 650 ## - SUBJECT ADDED ENTRY--TOPICAL TERM | |
| Topical term or geographic name entry element | Money |
| Form subdivision | Spend |
| General subdivision | Save |
| 700 ## - ADDED ENTRY--PERSONAL NAME | |
| Personal name | Ratana, Larch |
| Titles and other words associated with a name | Author |
| 700 ## - ADDED ENTRY--PERSONAL NAME | |
| Personal name | Sovanratana, Sin |
| Titles and other words associated with a name | Author |
| 700 ## - ADDED ENTRY--PERSONAL NAME | |
| Personal name | Sodany, Ouch |
| Titles and other words associated with a name | illustrator |
| 942 ## - ADDED ENTRY ELEMENTS (KOHA) | |
| Source of classification or shelving scheme | Dewey Decimal Classification |
| Koha item type | Khmer Books |
| Suppress in OPAC | No |
| 999 ## - | |
| -- | 1500 |
| -- | 1500 |
| Withdrawn status | Lost status | Source of classification or shelving scheme | Damaged status | Not for loan | Collection | Home library | Current library | Shelving location | Date acquired | Total Checkouts | Full call number | Barcode | Date last seen | Date last checked out | Copy number | Price effective from | Koha item type |
|---|---|---|---|---|---|---|---|---|---|---|---|---|---|---|---|---|---|
| Dewey Decimal Classification | Khmer Non-Fiction / សៀវភៅខ្មែរ រឿងពិត | Footprints International School Library Network Toul Kork Campus | Footprints International School Library Network Toul Kork Campus | TK Old Khmer Books (Rear Hallway Shelf 3) | 08/30/2023 | 3 | SOP 332.024 | 2023-0408 | 01/05/2026 | 11/10/2025 | 1 | 08/30/2023 | Khmer Books | ||||
| Dewey Decimal Classification | Khmer Non-Fiction / សៀវភៅខ្មែរ រឿងពិត | Footprints International School Library Network Toul Kork Campus | Footprints International School Library Network Toul Kork Campus | TK Old Khmer Books (Rear Hallway Shelf 3) | 08/30/2023 | 1 | SOP 332.024 | 2023-0409 | 11/10/2025 | 05/21/2025 | 2 | 08/30/2023 | Khmer Books |
